Hazbin Hotel - Picture Click Quiz - Statistics

General Stats
  • This quiz has been taken 387 times
  • The average score is 15 of 16
Answer Stats
Hint Answer % Correct
Charlie Morningstar
99%
Valentino
98%
Angel Dust
98%
Adam
98%
Alastor
98%
Husk
97%
Sir Pentious
97%
Lucifer Morningstar
97%
Vox
97%
Vaggie
97%
Niffty
96%
Emmy
96%
Katie Killjoy
96%
Velvette
95%
Carmilla Carmine
93%
Cherri Bomb
92%
No matching quizzes found
Score Distribution
Percent of People with Each Score
Percentile by Number Answered
Your Score History
You have not taken this quiz